Hướng dẫn kiểm toán giảm thiểu chất thải công nghiệp

Tài liệu rút từ dự án " Giảm thiểu ô nhiễm công nghiệp tỉnh Đồng Nai " mã số VIE/95/053. Dự án có 4 mục tiêu: 1) Đánh giá tác động môi trườngtrên qui mô vùng nghiên cứu; 2) Xây dựng một chiến lược kiểm soát ô nhiễm công nghiệp...

詳細記述

保存先:
書誌詳細
団体著者: UNDP
フォーマット: 図書
言語:Undetermined
出版事項: Hà Nội UNDP và UNIDO 1999
主題:
タグ: タグ追加
タグなし, このレコードへの初めてのタグを付けませんか!
Thư viện lưu trữ: Trung tâm Học liệu Trường Đại học Cần Thơ
LEADER 01539nam a2200193Ia 4500
001 CTU_35290
008 210402s9999 xx 000 0 und d
082 |a 363.7384 
082 |b H561 
110 |a UNDP 
245 0 |a Hướng dẫn kiểm toán giảm thiểu chất thải công nghiệp 
245 0 |c UNDP, UNIDO 
260 |a Hà Nội 
260 |b UNDP và UNIDO 
260 |c 1999 
520 |a Tài liệu rút từ dự án " Giảm thiểu ô nhiễm công nghiệp tỉnh Đồng Nai " mã số VIE/95/053. Dự án có 4 mục tiêu: 1) Đánh giá tác động môi trườngtrên qui mô vùng nghiên cứu; 2) Xây dựng một chiến lược kiểm soát ô nhiễm công nghiệp; 3) Nâng cao năng lực của Sở khoa học, Công nghệ và Môi trường; 4) Khuyến khích các nhà máy, các cơ sở sản xuất trong khu vực nghiên cứu của dự án tự nguyện tham gia chương trình giảm thiểu chất thải. Cuốn sách hướng dẫn các doanh nghiệp dễ dàng nhận ra những lợi ích thiết thực cho doanh nghiệp mình và góp phần bảo vệ môi trường chung và có thể dễ dàng áp dụng trong quá trình sản xuất của mình 
650 |a environmental protection 
904 |i Nguyễn Quang Điền, 000223 
980 |a Trung tâm Học liệu Trường Đại học Cần Thơ